Italia y Roma : (Record no. 153465)

MARC details
000 -LEADER
campo de control de longitud fija 01196nam a22003255i 4500
001 - NÚMERO DE CONTROL
campo de control 153465
003 - IDENTIFICADOR DE NÚMERO DE CONTROL
campo de control ES-MaACL
005 - FECHA Y HORA DE LA ÚLTIMA TRANSACCIÓN
campo de control 20231224062931.0
008 - DATOS DE LONGITUD FIJA--INFORMACIÓN GENERAL
campo de control de longitud fija 940301s1866 sp |||| | spa d
080 ## - NÚMERO DE LA CLASIFICACIÓN DECIMAL UNIVERSAL
Número de la Clasificación Decimal Universal 262.13(091)
080 ## - NÚMERO DE LA CLASIFICACIÓN DECIMAL UNIVERSAL
Número de la Clasificación Decimal Universal 327(450:456.31)"18"
080 ## - NÚMERO DE LA CLASIFICACIÓN DECIMAL UNIVERSAL
Número de la Clasificación Decimal Universal 94(450)
100 1# - ENTRADA PRINCIPAL--NOMBRE DE PERSONA
Nombre de persona Díaz, Nicomedes Pastor,
Fechas asociadas al nombre 1811-1863
9 (RLIN) 44150
245 10 - MENCIÓN DEL TÍTULO
Título Italia y Roma :
Resto del título Roma sin el Papa /
Mención de responsabilidad, etc. por Don Nicomedes-Pastor Díaz ; [prólogo por el marqués de Molins].
260 ## - PUBLICACIÓN, DISTRIBUCIÓN, ETC.
Lugar de publicación, distribución, etc. Madrid :
Nombre del editor, distribuidor, etc. [s.n.],
Fecha de publicación, distribución, etc. 1866 (
Fabricante Imp. de Manuel Tello)
300 ## - DESCRIPCIÓN FÍSICA
Extensión XIII, 3-195, IV p. ;
Dimensiones 19 cm.
490 1# - MENCIÓN DE SERIE
Mención de serie Obras de don Nicomedes-Pastor Díaz ;
Designación de volumen o secuencia 1
510 4# - NOTA DE CITAS O REFERENCIAS BIBLIOGRÁFICAS
Nombre de la fuente Palau,
Localización dentro de la fuente 214608
530 ## - NOTA DISPONIBLE DE FORMULARIO FÍSICO ADICIONAL
Nota de formato físico adicional disponible Disponible en formato digital.
594 ## - Nota al título y mención de responsabilidad
Nota al título y mención de responsabilidad Título tomado de la p. 1.
597 ## - NOTA DE DESCRIPCIÓN FÍSICA
NOTA DE DESCRIPCIÓN FÍSICA Anteps.
650 04 - PUNTO DE ACCESO ADICIONAL DE MATERIA--TÉRMINO DE MATERIA
Término de materia o nombre geográfico como elemento de entrada Papas-
Subdivisión general Historia.
9 (RLIN) 15819
650 #4 - PUNTO DE ACCESO ADICIONAL DE MATERIA--TÉRMINO DE MATERIA
Término de materia o nombre geográfico como elemento de entrada Cuestión romana.
9 (RLIN) 149871
651 #4 - PUNTO DE ACCESO ADICIONAL DE MATERIA--NOMBRE GEOGRÁFICO
Nombre geográfico Italia-
Subdivisión general Historia.
9 (RLIN) 8866
700 1# - ENTRADA AGREGADA--NOMBRE PERSONAL
Nombre de persona Puente y Apezechea, Fermín de la.
9 (RLIN) 94165
830 1# - PUNTO DE ACCESO ADICIONAL DE SERIE-TÍTULO UNIFORME
Título uniforme Obras de don Nicomedes-Pastor Díaz ;
Designación de volumen o secuencia 1
9 (RLIN) 191194
852 ## - LOCALIZACIÓN
Ubicación ES-MaACL
Número de control de estantería F-10792
856 ## - LOCALIZACIÓN Y ACCESO ELECTRÓNICOS
Identificador Uniforme de Recursos <a href="http://bdh-rd.bne.es/viewer.vm?id=0000051531&page=1 ">http://bdh-rd.bne.es/viewer.vm?id=0000051531&page=1 </a>
Nota pública Biblioteca Digital Hispánica
Holdings
Estatus retirado Estado de pérdida Estado de daño No para préstamo Colección Biblioteca de origen Biblioteca actual Ubicación en estantería Fecha de adquisición Total de préstamos Signatura topográfica completa Código de barras Visto por última vez Precio de reemplazo Tipo de ítem Koha
        Colección digital Biblioteca del Ateneo de Madrid Biblioteca del Ateneo de Madrid Sala Pecera Planta 2 17/01/2008   F-10792 1160390 23/02/2023 23/02/2023 Libro impreso antiguo